000 00569nam a2200241 a 4500
001 nice12345678
003 IN_TiNIC
005 20260116011403.0
008 050524s1961 lona grp 000 0 eng
020 _a
_c100
082 0 0 _a291
_bJAM
100 _aJames, E O
245 _aComparative Religion.
260 _aLondon
_bMethuen and Company
_c1961
300 _a334p
500 _aincludes index and biblioraphy
505 2 _aBiblio, Index
650 _aComparative Religion
700 1 _aJames, E O
902 _bSRS
942 _cBK
999 _c1082
_d1082